000 00685nam a2200217 i 4500
001 128791
003 ES-MaACL
005 20230906193348.0
007 t|
008 070524s1972 sp ||||1| spa d
080 _a940.42:262.13
080 _a262.13:940.42
100 1 _aTapia de Renedo, Benedicto.
_9109235
245 1 0 _aPío XII, ¿inocente o culpable?
_b: confrontación de documentos secretos /
_cBenedicto Tapia de Renedo.
250 _a2ª ed.
260 _aMadrid :
_bIbérico Europea,
_c[1972]
300 _a447 p. :
_bil. ;
_c21 cm.
600 0 4 _aPío
_bXII,
_cPapa.
_992302
650 1 4 _aGuerra mundial, 1939-1945.
_913228
852 _aES-MaACL
_jC-56286
_bR.89131
999 _c128791
_d128791